Rumah kecil sudin
| Main Author: | |
|---|---|
| Format: | Book |
| Published: |
Selangor :
Penerbit pinang ,
1996
|
| Series: | Siri khazanah bacaan kanak-kanak
|
MARC
| LEADER | 00000cam a2200000 7i4500 | ||
|---|---|---|---|
| 001 | 0000077066 | ||
| 005 | 20171218.0 | ||
| 008 | 171218 | ||
| 020 | |a 9830550826 (set) | ||
| 020 | |a 9830550915 | ||
| 090 | 0 | 0 | |a JF |b MAL |
| 100 | 1 | |a Rubil Nur Afzan | |
| 245 | 1 | 0 | |a Rumah kecil sudin |c Rubil Nur Afzan |
| 260 | |a Selangor : |b Penerbit pinang , |c 1996 | ||
| 490 | 1 | |a Siri khazanah bacaan kanak-kanak | |
| 999 | |a 0000600435 |b Book |c Children Collection |e Cawangan Pontian | ||